[Event "GER Seniors Derby 03rd"]
[Site "Undeloh"]
[Date "2004.04.15"]
[Round "1"]
[White "Busch, Arno"]
[Black "Kiermeyr, Lukas"]
[Result "1-0"]
[WhiteElo "1643"]
[BlackElo "1164"]
[PlyCount "61"]
[EventDate "2004.04.15"]
[EventType "swiss"]
[EventRounds "7"]
[EventCountry "GER"]
[SourceTitle "EXT 2006"]
[Source "ChessBase"]
[SourceDate "2005.11.24"]
[SourceVersion "1"]
[SourceVersionDate "2005.11.24"]
[SourceQuality "1"]

1. Nf3 d6 2. c4 Nf6 3. e3 e5 4. d3 b6 5. Nc3 Bb7 6. e4 h6 7. g3 Nbd7 8. b4 a6 9. a4 c6 10. b5 Nc5 11. Be3 Ng4 12. Bxc5 bxc5 13. Bh3 Nf6 14. Nh4 a5 15. 0-0 g5 16. Nf5 h5 17. Qd2 g4 18. Bg2 Ng8 19. f3 Nh6 20. Ne3 Qd7 21. f4 Bg7 22. f5 Bf6 23. h4 Kd8 24. Rab1 Ng8 25. Rb3 Ne7 26. Rfb1 Qc7 27. Ne2 Rb8 28. Qb2 Kd7 29. bxc6+ Nxc6 30. Rxb7 Qxb7 31. Qxb7+ 1-0

[Event "GER Seniors Derby 03rd"]
[Site "Undeloh"]
[Date "2004.04.15"]
[Round "2"]
[White "Kiermeyr, Lukas"]
[Black "Meyer, Karl Heinz"]
[Result "0-1"]
[WhiteElo "1164"]
[BlackElo "1838"]
[PlyCount "82"]
[EventDate "2004.04.15"]
[EventType "swiss"]
[EventRounds "7"]
[EventCountry "GER"]
[SourceTitle "EXT 2006"]
[Source "ChessBase"]
[SourceDate "2005.11.24"]
[SourceVersion "1"]
[SourceVersionDate "2005.11.24"]
[SourceQuality "1"]

1. e4 d5 2. Nc3 d4 3. Nb1 c5 4. Bc4 Nc6 5. Qf3 Ne5 6. Qb3 Nxc4 7. Qxc4 e5 8. h3 Be6 9. Qb5+ Qd7 10. Na3 a6 11. Qxd7+ Kxd7 12. Nf3 f6 13. d3 b5 14. Bd2 Ne7 15. 0-0 Nc6 16. c3 Be7 17. c4 b4 18. Nc2 a5 19. b3 a4 20. Rfb1 Ra7 21. g4 Rha8 22. Kg2 axb3 23. axb3 Ra2 24. Nfe1 g5 25. Kg3 Bf7 26. Bc1 h5 27. Rxa2 Rxa2 28. Ra1 Rxa1 29. Nxa1 hxg4 30. hxg4 Bd8 31. Kg2 Ne7 32. f3 Ng6 33. Bd2 Kd6 34. Nac2 Be8 35. Bc1 Ne7 36. Bd2 Nc6 37. Na1 Na5 38. Bc1 Kc6 39. Bd2 Kb6 40. f4 exf4 41. Bxf4 gxf4 0-1